L'Institut Català de Crèdit Agrari : 1985-1986 1985-1986
Publicado:
Barcelona :
Generalitat de Catalunya, Departament d'Agricultura, Ramaderia i Pesca : Institut Català del Crèdit Agrari, [1987]
Descripción Física:
12 p. ; 24 cm
Materias:
Institut Català de Crèdit Agrari
MARC
| LEADER | 00000nam a2200000Ia 4500 | ||
|---|---|---|---|
| 001 | 7579 | ||
| 003 | BGR | ||
| 005 | 20260324175220.0 | ||
| 008 | 160829s9999 xx 000 0 cat d | ||
| 080 | |a FU-6-9 | ||
| 110 | 2 | |a Institut Català de Crèdit Agrari |9 71083 | |
| 245 | |a L'Institut Català de Crèdit Agrari : |b 1985-1986 | ||
| 260 | |a Barcelona : |b Generalitat de Catalunya, Departament d'Agricultura, Ramaderia i Pesca : |b Institut Català del Crèdit Agrari, [1987] | ||
| 300 | |a 12 p. ; |c 24 cm | ||
| 610 | 2 | 0 | |a Institut Català de Crèdit Agrari |9 71083 |
| 710 | 1 | |a Catalunya. |b Departament d'Agricultura, Ramaderia i Pesca |9 55595 | |
| 901 | |a Arxiu | ||
| 942 | |n 1 |2 udc |c MON | ||
| 952 | |0 0 |1 0 |4 0 |6 FU69 |7 1 |9 41723 |a Arxiu |b Arxiu |d 2016-12-01 |l 0 |o FU-6-9 |p 7579 |r 2016-12-01 00:00:00 |w 2016-12-01 |y ARXIU | ||
| 999 | |c 43613 |d 43613 | ||